Capitals of Asia - Statistics

General Stats
  • This quiz has been taken 37 times
  • The average score is 36 of 44
Answer Stats
COUNTRY CAPITAL CITY % Correct
China Beijing
100%
Pakistan Islamabad
100%
India New Delhi
100%
North Korea Pyongyang
100%
Israel Jerusalem
96%
Kuwait Kuwait City
96%
Philippines Manila
96%
South Korea Seoul
96%
Japan Tokyo
96%
Iraq Baghdad
92%
Lebanon Beirut
92%
Bangladesh Dhaka
92%
Indonesia Jakarta
92%
Malaysia Kuala Lumpur
92%
Singapore Singapore
92%
Jordan Amman
88%
Thailand Bangkok
88%
Afghanistan Kabul
88%
Cambodia Phnom Penh
88%
Saudi Arabia Riyadh
88%
Iran Tehran
88%
Maldives Malé
85%
Mongolia Ulaanbaatar
85%
Timor-Leste Dili
81%
Qatar Doha
81%
Vietnam Hanoi
81%
Taiwan (Republic of China) Taipei
81%
Kazakhstan Astana
77%
Syria Damascus
77%
Nepal Kathmandu
77%
Laos Vientiane
77%
United Arab Emirates Abu Dhabi
73%
Kyrgyzstan Bishkek
73%
Oman Muscat
73%
Myanmar (Burma) Naypyidaw
73%
Yemen Sana'a
73%
Brunei Bandar Seri Begawan
69%
Bahrain Manama
69%
Bhutan Thimphu
69%
Turkmenistan Ashgabat
65%
Tajikistan Dushanbe
65%
Sri Lanka Sri Jayawardenepura Kotte / Colombo
65%
Uzbekistan Tashkent
65%
Palestine Ramallah
38%
No matching quizzes found
Score Distribution
Percent of People with Each Score
Percentile by Number Answered
Your Score History
You have not taken this quiz